Tallest mountains in the world - Statistics

General Stats
  • This quiz has been taken 159 times
  • The average score is 6 of 14
Answer Stats
Answer % Correct
Everest
100%
K2
92%
Annapurna I
58%
Kangchenjunga
45%
Lhotse
45%
Nanga Parbat
32%
Cho Oyu
30%
Gasherbrum I
27%
Broad Peak
26%
Gasherbrum II
26%
Makalu
26%
Dhaulagiri
22%
Manaslu
21%
Shishapangma
16%
No matching quizzes found
Score Distribution
Percent of People with Each Score
Percentile by Number Answered
Your Score History
You have not taken this quiz